El ajedrez combativo de Kasparov
保存先:
| 主要な著者: | , , |
|---|---|
| フォーマット: | 図書 |
| 言語: | スペイン語 |
| 出版事項: |
Barcelona
Paidotribo
2008
|
| 版: | 2a. ed |
| 主題: | |
| タグ: |
タグ追加
タグなし, このレコードへの初めてのタグを付けませんか!
|
MARC
| LEADER | 00000nam a2200000 a 4500 | ||
|---|---|---|---|
| 001 | UCG3314 | ||
| 003 | CL-VaPUC | ||
| 008 | 100819e20080000SP |||||||||||||||||spa|d | ||
| 020 | |a 97880194167 | ||
| 082 | 0 | 4 | |a 794 |b KAS |2 21 |
| 100 | 0 | |a Kasparov, Garri |e author |9 552343 | |
| 700 | 0 | |a Speelman, Jon |e author |9 552344 | |
| 700 | 0 | |a Wade, Bob |e author |9 552345 | |
| 245 | 1 | 3 | |a El ajedrez combativo de Kasparov |
| 250 | |a 2a. ed | ||
| 300 | |a 379 p | ||
| 942 | |c BK | ||
| 945 | |d 20100819 00:00:00 |a mfarfan | ||
| 260 | |a Barcelona |b Paidotribo |c 2008 | ||
| 650 | 0 | |a Ajedrez |9 333081 | |
| 650 | 7 | |a TABLEROS |2 CL-VaPUC |9 542651 | |
| 650 | 7 | |a JUEGOS DE ESTRATEGIA |2 CL-VaPUC |9 428778 | |
| 650 | 7 | |a ENTRETENIMIENTO |2 CL-VaPUC |9 539343 | |
| 583 | |a last modification |c 20100819 00:00:00 |k Rodrigo Vera | ||
| 999 | |c 342384 |d 342382 | ||